Big data @ work : (Record no. 590510)

000 -LEADER
fixed length control field 01730cam a2200349 i 4500
001 - CONTROL NUMBER
control field 17903901
003 - CONTROL NUMBER IDENTIFIER
control field NUST
005 - DATE AND TIME OF LATEST TRANSACTION
control field 20220722105010.0
008 - FIXED-LENGTH DATA ELEMENTS--GENERAL INFORMATION
fixed length control field 130930s2014 maua b 001 0 eng
010 ## - LIBRARY OF CONGRESS CONTROL NUMBER
LC control number 2013039005
020 ## - INTERNATIONAL STANDARD BOOK NUMBER
International Standard Book Number 9781422168165 (alk. paper)
040 ## - CATALOGING SOURCE
Original cataloging agency DLC
Language of cataloging eng
Transcribing agency DLC
Description conventions rda
Modifying agency D LC
042 ## - AUTHENTICATION CODE
Authentication code pcc
050 00 - LIBRARY OF CONGRESS CALL NUMBER
Classification number HD38.7
Item number .D379 2014
082 00 - DEWEY DECIMAL CLASSIFICATION NUMBER
Classification number 658.4038, DAV
Edition number 23
100 1# - MAIN ENTRY--PERSONAL NAME
Personal name Davenport, Thomas H.,
Dates associated with a name 1954-
9 (RLIN) 12473
245 10 - TITLE STATEMENT
Title Big data @ work :
Remainder of title dispelling the myths, uncovering the opportunities /
Statement of responsibility, etc. Thomas H. Davenport.
246 3# - VARYING FORM OF TITLE
Title proper/short title Big data at work
264 #1 - PRODUCTION, PUBLICATION, DISTRIBUTION, MANUFACTURE, AND COPYRIGHT NOTICE
Place of production, publication, distribution, manufacture Boston Massachusetts :
Name of producer, publisher, distributor, manufacturer Harvard Business Review Press,
Date of production, publication, distribution, manufacture, or copyright notice [2014]
300 ## - PHYSICAL DESCRIPTION
Extent ix, 228 pages :
Other physical details illustrations ;
Dimensions 24 cm
336 ## - CONTENT TYPE
Content type term text
Source rdacontent
337 ## - MEDIA TYPE
Media type term unmediated
Source rdamedia
338 ## - CARRIER TYPE
Carrier type term volume
Source rdacarrier
505 0# - FORMATTED CONTENTS NOTE
Formatted contents note Why Big Data Is Important to You and Your Organization (Page-1), How Big Data Will Change Your Job, Your Company, and Your Industry (Page-31),Developing a Big Data Strategy (Page-59),The Human Side of Big Data (Page-85),Technology for Big Data (Page-113),What It Takes to Succeed with Big Data (Page-135),What You Can Learn from Start-Ups and Online Firms (Page-153),What You Can Learn from Large Companies: Big Data and Analytics 3.0 (Page-175).
650 #0 - SUBJECT ADDED ENTRY--TOPICAL TERM
Topical term or geographic name entry element Business intelligence
General subdivision Data processing.
9 (RLIN) 94509
650 #0 - SUBJECT ADDED ENTRY--TOPICAL TERM
Topical term or geographic name entry element Big data.
650 #0 - SUBJECT ADDED ENTRY--TOPICAL TERM
Topical term or geographic name entry element Business planning
General subdivision Statistical methods.
9 (RLIN) 94510
650 #0 - SUBJECT ADDED ENTRY--TOPICAL TERM
Topical term or geographic name entry element Data mining.
906 ## - LOCAL DATA ELEMENT F, LDF (RLIN)
a 7
b cbc
c orignew
d 1
e ecip
f 20
g y-gencatlg
942 ## - ADDED ENTRY ELEMENTS (KOHA)
Source of classification or shelving scheme
Koha item type Book
Holdings
Withdrawn status Lost status Source of classification or shelving scheme Damaged status Not for loan Permanent Location Current Location Shelving location Date acquired Full call number Barcode Date last seen Price effective from Koha item type Public note
          Military College of Signals (MCS) Military College of Signals (MCS) Reference 07/22/2022 658.4038,DAV MCS38619 07/22/2022 07/22/2022 Book Almirah Fresh No.45, Shelf No.5
© 2023 Central Library, National University of Sciences and Technology. All Rights Reserved.